Symposium sobre algunos problemas matemáticos que se están estudiando en Latino América. Punta del Este, 19-21 de diciembre de 1951.
Guardado en:
| Autor Corporativo: | |
|---|---|
| Formato: | Libro |
| Idioma: | Spanish |
| Publicado: |
Montevideo :
Centro de Cooperación Científica de la UNESCO para América Latina,
[1951?]
|
| Etiquetas: |
Agregar Etiqueta
Sin Etiquetas, Sea el primero en etiquetar este registro!
|
| LEADER | 00872nam a22001575a 4500 | ||
|---|---|---|---|
| 001 | MAT.inmabb000455 | ||
| 008 | 031211s1951####uy############100#0#spa#d | ||
| 005 | 20160523114601.0 | ||
| 245 | 0 | 0 | |a Symposium sobre algunos problemas matemáticos que se están estudiando en Latino América. Punta del Este, 19-21 de diciembre de 1951. |
| 260 | |a Montevideo : |b Centro de Cooperación Científica de la UNESCO para América Latina, |c [1951?] | ||
| 300 | |a 183 p. ; |c cm. | ||
| 500 | |a Symposium organizado en colaboración con el Instituto de Matemática y Estadística de la Facultad de Ingeniería de Montevideo. | ||
| 111 | 2 | |a Symposium sobre algunos problemas matemáticos que se están estudiando en Latino América |n (1º : |d 1951 : |c Punta del Este, Uruguay) | |
| 084 | |a 00B20 |2 msc2000 | ||
| 859 | |h 00B20 |i Sy989-1 |p A-227 |b BIB. MATEMATICA | ||
| 859 | |h 00B20 |i Sy989-1 |p A-2088 |t Ej. 2 |b BIB. MATEMATICA | ||
